000 00647nam a2200289Ia 4500
005 20260324150744.0
008 008 260324s9999 xx 000 0 eng d
020 _a9781315665429
037 _aEBOOK
040 _aCRL
040 _beng
040 _cCRL
041 _2eng
041 _aeng
084 _qCRL
100 _aC. H. Waddington
_9998840
245 0 _aScience and Ethics
245 3 _bAn Essay
260 _bTaylor and Francis
260 _c1944
365 _a
365 _b205
856 _uhttp://www.taylorfrancis.com/books/9781315665429
942 _cEBOOK
999 _c1837533
_d1837533